Hazardous laboratory chemicals disposal guide / M.A. Armour (Registro nro. 20958)
[ vista simple ]
| 000 -LÍDER | |
|---|---|
| fixed length control field | 00515nam a2200157 4500 |
| 008 - ELEMENTOS DE LONGITUD FIJA -- INFORMACIÓN GENERAL | |
| fixed length control field | 0 1991 0x 000 0USA |
| 020 ## - NÚMERO INTERNACIONAL NORMALIZADO PARA LIBROS | |
| ISBN | 0-8493-0265-X |
| 050 ## - SIGNATURA TOPOGRAFICA DE LA BIBLIOTECA DEL CONGRESO (LC) | |
| Número de Clasificación | QD64 A76 1991 |
| 082 ## - NUMERO DE CLASIFICACION DECIMAL DEWEY | |
| Número de Clasificación | 542.82 A778h |
| 100 ## - ASIENTO PRINCIPAL--NOMBRE PERSONAL | |
| Nombre personal | Armour, M.A. (Margaret -Ann) |
| 245 ## - TÍTULO | |
| Título | Hazardous laboratory chemicals disposal guide / M.A. Armour |
| 260 ## - PUBLICACIÓN, DISTRIBUCIÓN, ETC. (PIE DE IMPRENTA) | |
| Lugar de publicación, distribución, etc. | USA: CRC Press |
| 300 ## - DESCRIPCIÓN FÍSICA | |
| Extensión | 464p. / 25cm. |
| 500 ## - NOTA GENERAL | |
| Nota general | Includes Bibliographies and Index. |
| 650 ## - ASIENTO SECUNDARIO DE MATERIA - TERMINO TEMÁTICO | |
| Término temático o nombre geográfico como elemento de entrada | 1.CHEMICAL LABORATORIES-WASTE DISPOSAL 2. HAZARDOUS SUBSTANCES |
| No. biblioteca | No. biblioteca | Número de clasificación | Código de barras/Número de adquisición | Número de copia | Tipo de material |
|---|---|---|---|---|---|
| LUIS G. INCLAN | LUIS G. INCLAN | 542.82 A778h | 24093 | 1 | Libros |
| LUIS G. INCLAN | LUIS G. INCLAN | 542.82 A778h | 24094 | 2 | Libros |
| LUIS G. INCLAN | LUIS G. INCLAN | 542.82 A778h | 24095 | 3 | Libros |
| LUIS G. INCLAN | LUIS G. INCLAN | 542.82 A778h | 24096 | 4 | Libros |
